NBA 2k21 all-time Philadelphia 76ers - Statistics

General Stats
  • This quiz has been taken 303 times
  • The average score is 8 of 15
Answer Stats
Overall Player % Correct
97 Allen Iverson
94%
90 Joel Embiid
94%
94 Julius Erving
87%
97 Moses Malone
79%
93 Wilt Chamberlain
73%
86 Ben Simmons
70%
89 Hal Greer
52%
86 Maurice Cheeks
46%
88 Andre Iguodala
42%
93 Billy Cunningham
39%
90 Bobby Jones
29%
87 Hersey Hawkins
19%
83 Darryl Dawkins
15%
87 Doug Collins
13%
87 George McGinnis
12%
No matching quizzes found
Score Distribution
Percent of People with Each Score
Percentile by Number Answered
Your Score History
You have not taken this quiz